00450nam a2200157Ia 450000500170000000800410001704000190005804100120007708200150008910000100010424500890011426000380020330000150024165000260025685000100028220230916105145.0131103s9999 xx 000 0 und d aLoreto College aEnglish a919.4bBRE aBrent 4aThe crecks runb a tale of the horse and cattle stations of the Murrumbidgee cBrent aSydneybAngus and Robertsonc1952 aix,276 p.  aAustralia - Geography aLCLIB